Sólo de pan

Guardat en:
Dades bibliogràfiques
Autor principal: Brown, Lester R (Autor)
Format: Llibre
Idioma:espanyol
Publicat: Ciudad de México Diana 1976
Matèries:
Etiquetes: Afegir etiqueta
Sense etiquetes, Sigues el primer a etiquetar aquest registre!

MARC

LEADER 00000nam a2200000 a 4500
001 UCU2537
003 CL-VaPUC
008 960426e19760000MX |||||||||||||||||spa|d
082 0 4 |a 363.8  |b BRO  |2 21 
100 0 |a Brown, Lester R  |e author  |9 358776 
245 1 0 |a Sólo de pan 
300 |a 351 p 
942 |c BK 
945 |d 19960426 00:00:00  |a cmena 
260 |a Ciudad de México  |b Diana  |c 1976 
650 7 |a HAMBRE  |2 CL-VaPUC  |9 316139 
650 0 |a Problemas sociales  |9 258537 
650 0 |a Alimentos  |9 256203 
650 0 |a Nutrición   |9 259434 
650 7 |a DENSIDAD DE POBLACION  |2 CL-VaPUC  |9 358777 
650 0 |a Poblaciones  |9 338556 
650 7 |a TAMAÑO DE LA POBLACION  |2 CL-VaPUC  |9 358778 
650 7 |a CRECIMIENTO DE LA POBLACION  |2 CL-VaPUC  |9 358779 
650 7 |a SUPERPOBLACION  |2 CL-VaPUC  |9 338264 
650 0 |a Recursos naturales  |9 255232 
650 7 |a POLITICA DEMOGRAFICA  |2 CL-VaPUC  |9 338263 
583 |a last modification  |c 19960426 00:00:00  |k Rodrigo Vera 
999 |c 246805  |d 246803 
952 |0 0  |1 0  |4 0  |6 363_800000000000000_BRO_1976  |7 0  |8 A  |9 262036  |a BIBING  |b BIBING  |d 2019-11-19  |i 1644742  |l 2  |o 363.8 BRO 1976  |p 1644742  |r 2025-01-20  |s 2023-12-21  |w 2019-11-19  |y BK  |k GEO 
952 |0 0  |1 0  |4 0  |6 363_800000000000000_BRO_1976  |7 0  |8 A  |9 262037  |a BIBENE  |b BIBENE  |d 2019-11-19  |i 1998633  |o 363.8 BRO 1976  |p 1998633  |r 2025-01-15  |w 2019-11-19  |y BK  |k ICO 
952 |0 0  |1 0  |4 0  |6 363_800000000000000_BRO_1976  |7 0  |8 A  |9 262038  |a BIBENE  |b BIBENE  |d 2019-11-19  |i 1998684  |o 363.8 BRO 1976  |p 1998684  |r 2025-01-15  |w 2019-11-19  |y BK  |k ICO